|
|
|
|
| LEADER |
01277nam a22003254a 4500 |
| 001 |
28677 |
| 003 |
BD-DhAAL |
| 005 |
20151018020002.0 |
| 008 |
1412010s2001 enkab b 001 0 eng |
| 010 |
|
|
|a 00044086
|
| 020 |
|
|
|a 0198206089 (alk. paper)
|
| 020 |
|
|
|a 9780199254569 (pbk)
|
| 040 |
|
|
|a DLC
|c DLC
|d DLC
|d BD-DhAAL
|
| 042 |
|
|
|a pcc
|
| 043 |
|
|
|a e------
|
| 050 |
0 |
0 |
|a B802
|b .I87 2001
|
| 082 |
0 |
0 |
|a 940.2/5
|2 21
|
| 100 |
1 |
|
|a Israel, Jonathan I.
|q (Jonathan Irvine),
|d 1946-
|9 6803
|
| 245 |
1 |
0 |
|a Radical enlightenment :
|b philosophy and the making of modernity, 1650-1750 /
|c Jonathan I. Israel.
|
| 260 |
|
|
|a Oxford ;
|a New York :
|b Oxford University Press,
|c 2001.
|
| 300 |
|
|
|a xvi, 810 p. :
|b ill., map ;
|c 24 cm.
|
| 504 |
|
|
|a Includes bibliographical references (p. [721]-777) and index.
|
| 541 |
|
|
|e 28677
|
| 600 |
1 |
0 |
|a Spinoza, Benedictus de,
|d 1632-1677.
|9 6804
|
| 650 |
|
0 |
|a Enlightenment
|z Europe.
|9 6805
|
| 651 |
|
0 |
|a Europe
|x Civilization
|y 17th century.
|9 6806
|
| 651 |
|
0 |
|a Europe
|x Civilization
|y 18th century.
|9 6807
|
| 942 |
|
|
|2 ddc
|c BK
|0 1
|
| 999 |
|
|
|c 33296
|d 33296
|
| 952 |
|
|
|0 0
|1 0
|2 ddc
|4 0
|6 940_250000000000000_ISR
|7 0
|9 44467
|a BRACUL
|b BRACUL
|c GEN
|d 2014-12-10
|e Karim International
|g 3960.00
|l 2
|m 40
|o 940.25 ISR
|p 3010028677
|r 2017-04-26
|s 2016-07-14
|t 1
|w 2014-12-10
|y BK
|